00793nam a2200205 i 4500001000700000003000900007005001700016007000300033008004100036100003400077245014000111260004900251300002200300600003400322650003600356700003200392852002200424999001900446952012200465135111ES-MaACL20230906194816.0t|070710s1962 xxu ||||1| eng d1 aThoreau, Henry David.911013410aWalden or life in the woods b: on the duty civil disobedience /cHenry David Thoreau ; with a new introduction by Charles R. Anderson. aNew York : bCorowell-Collier Pub., c[1962] a255 p. ; c18 cm.14aThoreau, Henry David.9110134 4aResistencia al gobierno.9168621 aAnderson, Charles R.921441 aES-MaACLjC-36306 c135111d135111 00104070aATENEOMbATENEOMcDEPO2d2008-01-17eSCl0oC-36306p1140629r2023-02-23 00:00:00w2023-02-23yMONOGRAFIA